000 00718nam a2200193Ii 4500
003 JO-AjNU
008 230605s9999||||xx |||||||||||||| ||und||
040 _aJO-AjNU
_bara
_erda
_cJO-AjNU
041 _aara
050 1 4 _aBF199.H35
100 3 _aربيع،حامد عبد الله,
_eauthor
_915492
245 0 0 _aمقدمة في العلوم السلوكية حول البناء الفكرية لاصول علم الحركة الاجتماعية
264 3 1 _aد.م:دار الفكر العربي ،د.ت
300 _a347ص
336 _atext
_btxt
_2rdacontent
337 _aunmediated
_bn
_2rdamedia
338 _avolume
_bnc
_2rdacarrier
650 4 _aعلم نفس السلوك-السلوك الانساني
_915493
999 _aA4389
_c7957
_d7957